Największe miasta w Europie, z wyjątkami #2 - Statystyki

Ogólne statystyki
  • Ten quiz został rozwiązany 298 razy
  • Średni wynik to 9 z 15
Statystyki odpowiedzi
Populacja Miasto % Poprawnych
4,73 mln Barcelona
93%
15,8 mln Stambuł
92%
5,60 mln Petersburg
88%
5,20 mln Mediolan
87%
2,28 mln Monachium
84%
2,88 mln Hamburg
82%
4,23 mln Neapol
72%
3,13 mln Birmingham
65%
3,05 mln Manchester
62%
1,99 mln Lyon
57%
1,87 mln Liverpool
53%
3,23 mln Rotterdam / Haga
45%
2,15 mln Leeds
34%
2,43 mln Stuttgart
12%
3,28 mln Frankfurt nad Menem
10%
Nie znaleziono quizów pasujących do podanych kryteriów
Rozkład punktacji
Procent ludzi z każdym wynikiem
Percentyl według liczby udzielonych odpowiedzi
Twoja historia wyników
Nie rozwiązałeś tego quizu